000 00646nam a2200229 i 4500
001 C2-0129453
003 PPAK
005 20180727121324.0
008 970930s xxk |||| ||||| | eng d
020 _a0721495931
040 _aPPAK
_beng
_cPPAK
_erda
082 0 4 _a398.8
_223
090 0 0 _a398.8
_bLIT
_dK
245 0 0 _aLittle miss muffet and other nursery rhymes
264 1 _aLoughborough :
_bLadybird Books ,
_c[date of publication not identified]
300 _a[n.p.] ;
_c18 cm
336 _2rdacontent
_atext
337 _2rdamedia
_aunmediated
338 _2rdacarrier
_avolume
650 1 0 _aNursery rhymes, English
942 _ddc
_cB
999 _c39498
_d39498